MARC

LEADER 00000nam0a2200000 4500
001 31270
005 20231101210027.0
010 |a 5862184104 
035 |a (RuTPU)RU\TPU\book\31547 
035 |a BOOK00031626 
090 |a 31270 
100 |a 20011209d2001 m y0rusy50 ca 
101 0 |a rus 
102 |a RU 
105 |a a z 000zd 
200 1 |a Русская политика и политики в норме и в патологии  |a Взгляд на события российской жизни 1990-2000  |f В. Т. Третьяков 
210 |a Москва  |c Ладомир  |d 2001 
215 |a 863 с.  |c ил. 
600 1 |a Горбачев  |g Михаил Сергеевич  |c генеральный секретарь ЦК КПСС  |f 1931-  |c 1-й и последний президент СССР  |b М. С.  |2 stltpui  |3 (RuTPU)RU\TPU\pers\1057 
600 1 |a Ельцин  |g Борис Николаевич  |c 1-й президент РФ  |f 1931-  |b Б. Н.  |2 stltpui  |3 (RuTPU)RU\TPU\pers\1064 
600 1 |a Примаков  |g Евгений Максимович  |b Е. М.  |c российский государственный деятель  |c экономист  |c историк  |f 1929 -  |2 stltpui  |3 (RuTPU)RU\TPU\pers\1585 
600 1 |a Путин  |g Владимир Владимирович  |b В. В.  |c российский государственный деятель  |c президент РФ  |f 1952 -  |2 stltpui  |3 (RuTPU)RU\TPU\pers\988 
606 1 |a Политические отношения  |y Российская Федерация  |2 stltpush  |3 (RuTPU)RU\TPU\subj\68280  |9 83708 
610 1 |a политика 
610 1 |a Россия 
610 1 |a 20 век 
610 1 |a политические деятели 
610 1 |a экономические реформы 
610 1 |a политические реформы 
610 1 |a демократия 
610 1 |a Чечня 
610 1 |a война 
610 1 |a выборы 
610 1 |a власть 
686 |a Ф3(2)6  |v LBC/SL-A  |2 rubbk 
700 1 |a Третьяков  |b В. Т.  |g Виталий Товиевич 
801 0 |a RU  |b 63413507  |c 20011209  |g PSBO 
801 2 |a RU  |b 63413507  |c 20131226  |g PSBO 
942 |c BK